Ganabhaskara manimali/ (Record no. 15347)

000 -LEADER
fixed length control field 00369nam a22001451a 4500
082 ## - DEWEY DECIMAL CLASSIFICATION NUMBER
Classification number T 780.95487
Item number BAL/G
100 ## - MAIN ENTRY--AUTHOR NAME
Personal name Balasubrahmaniyan G N
245 ## - TITLE STATEMENT
Title Ganabhaskara manimali/
Statement of responsibility, etc by Balasubrahmaniyan G N
260 ## - PUBLICATION, DISTRIBUTION, ETC. (IMPRINT)
Place of publication Chennai:
Name of publisher Karnatic Music Book Centre,
Year of publication 2004.
300 ## - PHYSICAL DESCRIPTION
Number of Pages 90p.
650 ## - SUBJECT ADDED ENTRY--TOPICAL TERM
Topical Term Carnatic Music
650 ## - SUBJECT ADDED ENTRY--TOPICAL TERM
Topical Term Music
650 ## - SUBJECT ADDED ENTRY--TOPICAL TERM
Topical Term Arts
942 ## - ADDED ENTRY ELEMENTS (KOHA)
Koha item type Book
Holdings
Withdrawn status Lost status Damaged status Not for loan Permanent Location Current Location Date acquired Cost, normal purchase price Full call number Accession Number Cost, replacement price Price effective from Koha item type Shelving location
        Sree Sankaracharya University of Sanskrit Sree Sankaracharya University of Sanskrit 08.01.2015 60.00 T 780.95487 BAL/G 071811 0.00 08.01.2015 Book  
        Sree Sankaracharya University of Sanskrit Sree Sankaracharya University of Sanskrit 08.01.2015 60.00 T 780.95487 BAL/G 071812 0.00 08.01.2015 Book  
        Sree Sankaracharya University of Sanskrit Sree Sankaracharya University of Sanskrit 30.07.2015 60.00 T 780.95487 BAL/G 077991   30.07.2015 Book Stacks
        Sree Sankaracharya University of Sanskrit Sree Sankaracharya University of Sanskrit 30.07.2015 60.00 T 780.95487 BAL/G 077992   30.07.2015 Book Stacks
        Sree Sankaracharya University of Sanskrit Sree Sankaracharya University of Sanskrit 19.11.2016 60.00 T 780.95487 BAL/G 082712   19.11.2016 Book Stacks